Common Knowledge #14 - Statistics

General Stats
  • This quiz has been taken 1,507 times
  • The average score is 14 of 20
Answer Stats
Hint Answer % Correct
Who was the first man to step on the moon? Neil Armstrong
97%
How many times you can subtract the number 5 from 25? Once
97%
What language do the people of Brazil speak? Portuguese
90%
In which country is the Great Barrier Reef? Australia
89%
What is the name of the princess in Shrek? Fiona
89%
'Exposure’ in photography refers to the amount of ______ that reaches your camera. Light
89%
Which American singer had a hit with ‘Shake it Off’ in 2014? Taylor Swift
88%
How many days is a fortnight? 14
85%
If you are in a dark room with a candle, a wood stove and a gas lamp. You only have one match, so what do you light first? The match
84%
What does the Roman numeral C represent? 100
82%
Which is the smallest breed of dog? Chihuahua
81%
What is Aurora Borealis commonly known as? Northern Lights
80%
Who wrote The Autobiography of Mark Twain? Mark Twain
69%
Helsinki is the capital city of which country? Finland
68%
Prunes were once what kind of fruit? Plum
55%
What is the national sport of Japan? Sumo Wrestling
54%
What money is used in Germany? Euros
50%
What is another word for a lexicon? Dictionary
32%
What does a Barometer measure? Atmospheric pressure
25%
What goes up and down, but still remains in the same place? Stairs
16%
No matching quizzes found
Score Distribution
Percent of People with Each Score
Percentile by Number Answered
Your Score History
You have not taken this quiz